000 00244nam a22001097a 4500
008 180803b xxu||||| |||| 00| 0 eng d
082 _a813.52
245 _aLiving Language
_cFrench
260 _c1985
300 _a1
_fCassette
942 _2ddc
_cMX
999 _c46747
_d46747